Final de Champions League 2009 Barcelona - Manchester United - Estadísticas

Estadísticas generales
  • Esta prueba ha sido intentada 960 veces
    956 desde el último reinicio
  • La puntuación promedio es 22 de 38
Estadísticas de respuestas
Hint Respuesta % Correcto
Delantero Messi
99%
Centrocampista Iniesta
96%
Centrocampista Xavi
96%
Defensa Piqué
95%
Defensa Puyol (C)
95%
Portero Víctor Valdés
95%
Delantero Cristiano Ronaldo
90%
Entrenador Josep Guardiola
90%
Centrocampista Busquets
88%
Delantero Rooney
85%
Delantero Eto'o
83%
Portero van der Sar
83%
Entrenador Sir Alex Ferguson
82%
Defensa Ferdinand
78%
Delantero Henry
76%
Centrocampista Scholes
71%
Delantero Pedro
69%
Defensa Vidić
66%
Defensa Evra
61%
Centrocampista Giggs (C)
57%
Portero Pinto
51%
Centrocampista Carrick
49%
Delantero Tévez
47%
Centrocampista Nani
46%
Defensa Yaya Touré
45%
Delantero Park Ji-Sung
43%
Delantero Bojan Krkić
40%
Centrocampista Anderson
30%
Centrocampista Keita
29%
Delantero Berbatov
27%
Defensa Sylvinho
27%
Defensa O'Shea
24%
Defensa Rafael
24%
Defensa Evans
14%
Delantero Gudjohnsen
12%
Defensa Martín Cáceres
11%
Portero Kuszczak
9%
Defensa Muniesa
8%
No se encontraron pruebas coincidentes
Distribución de puntuación
Porcentaje de gente con cada puntuación
Porcentaje por número respondido
Historial de tus puntuaciones
No has intentado esta prueba desde el último reinicio